Normal view MARC view
  • Robotics and Intelligent Machine Engineering NS-Thesis.

Entry Topical Term

Number of records used in: 1

001 - CONTROL NUMBER

  • control field: 25839

003 - CONTROL NUMBER IDENTIFIER

  • control field: NUST

005 - DATE AND TIME OF LATEST TRANSACTION

  • control field: 20191119113511.0

008 - FIXED-LENGTH DATA ELEMENTS

  • fixed length control field: 191119|| aca||aabn | a|a d

040 ## - CATALOGING SOURCE

  • Original cataloging agency: NUST
  • Transcribing agency: NUST

150 ## - HEADING--TOPICAL TERM

  • Topical term or geographic name entry element: Robotics and Intelligent Machine Engineering NS-Thesis.

670 ## - SOURCE DATA FOUND

  • Source citation: Work cat.: (NUST): Muhammad Ammar Hassan. 25838, Object Detection on Embedded System /, 2018
© 2023 Central Library, National University of Sciences and Technology. All Rights Reserved.